| 000 | 00774nam a22002297a 4500 | ||
|---|---|---|---|
| 005 | 20230517032838.0 | ||
| 008 | 230517b |||||||| |||| 00| 0 eng d | ||
| 020 | _a978-621-04-2169-9 | ||
| 082 | _aFil. 155.2 Al323 2021 | ||
| 100 |
_aAlata, Eden Joy _eauthor |
||
| 245 |
_aA course module for understanding the self / _cEden Joy Alata, Roseanne Cabrera, R. A. Pawilen; Greg Tabios Pawilen, coordinator |
||
| 250 | _arev. ed. | ||
| 260 |
_aManila: _bRex Book Store, _cc2021 |
||
| 300 |
_avi, 187p.: _bill. |
||
| 490 | _aGEC series | ||
| 504 | _aIncludes bibliographical references and index | ||
| 541 | _e7098 c.1, 7099 c.2, 7100 c.3 | ||
| 650 | _aSelf | ||
| 700 |
_aCabrera, Roseanne _eauthor |
||
| 700 |
_aPawilen, R. A. _eauthor |
||
| 700 |
_aPawilen, Greg T. _eauthor |
||
| 999 |
_c2135 _d2135 |
||